Questions in Song Titles – Complete them - Statistics

General Stats
  • This quiz has been taken 62 times
  • The average score is 15 of 24
Answer Stats
Songs % Correct
Tina Turner – What's {Love} Got To Do With It?
100%
The Clash – Should I {Stay} Or Should I Go?
98%
Baha Men – Who Let The {Dogs} Out?
96%
Bee Gees – How Can You Mend A Broken {Heart}?
92%
The Who – {Who} Are You?
85%
Queen – Who Wants To Live {Forever}?
79%
The Three Degrees – When Will I See You {Again}?
77%
Stevie Wonder – Isn't She {Lovely}?
74%
Beach Boys – Wouldn't It Be {Nice}?
72%
Jet – Are You Gonna Be My {Girl}?
72%
Band Aid – Do They Know It's {Christmas}?
70%
Whitney Houston – How Will I {Know}?
70%
Creedence Clearwater Revival – Have You Ever Seen The {Rain}?
64%
Travis – Why Does It {Always} Rain On Me?
64%
ABBA – Does Your {Mother} Know
60%
Lovin' Spoonful – Do You Believe in {Magic}?
53%
Culture Club – Do You Really Want To {Hurt} Me?
51%
Bob Marley – {Could} You Be Loved?
49%
The Shirelles – Will You Love Me {Tomorrow}?
42%
Pixies – Where Is My {Mind}?
40%
Tom Jones – What's New {Pussycat}?
40%
Michael Jackson – Will You Be {There}?
36%
The Smiths – How {Soon} Is Now?
32%
R.E.M. – What's The {Frequency} Kenneth?
30%
No matching quizzes found
Score Distribution
Percent of People with Each Score
Percentile by Number Answered
Your Score History
You have not taken this quiz